|
|
|
|
| LEADER |
00000cam a2200000 7i4500 |
| 001 |
0000050511 |
| 005 |
20150713.0 |
| 008 |
150713 |
| 020 |
|
|
|a 9781845571818
|
| 090 |
0 |
0 |
|a CT
|b ENG
|
| 245 |
1 |
0 |
|a Thumbelina
|
| 260 |
|
|
|a UK :
|b Sterling
|
| 300 |
|
|
|a Col.ill
|
| 490 |
1 |
|
|a My Big Book Of Fairy Tales
|
| 650 |
|
0 |
|a English Fiction
|
| 999 |
|
|
|a 0001140381
|b Book
|c Children Collection
|e Cawangan Tangkak
|
| 999 |
|
|
|a 0001140382
|b Book
|c Children Collection
|e Cawangan Tangkak
|
| 999 |
|
|
|a 0001140383
|b Book
|c Children Collection
|e Cawangan Tangkak
|
| 999 |
|
|
|a 0001140391
|b Book
|c Children Collection
|e Cawangan Bukit Gambir
|